000
00237nam a2200097Ia 4500
008
120527s9999 xx 000 0 und d
100
_a
Humphreysh R.
245
_a
Tropical pastures and fodder crops.
260
_b
I. T. A. S.
942
_c
BK
999
_c
19221
_d
19221